000 00686nam a2200289Ia 4500
005 20260324111951.0
008 008 260324s9999 xx 000 0 eng d
020 _a9781003493099
037 _aEBOOK
040 _aCRL
040 _beng
040 _cCRL
041 _2eng
041 _aeng
084 _qCRL
100 _aAytekin Kaan Kurtul
_91140754
245 0 _aCriminalising Dissent
245 0 _bLèse-majesté and the Path to Autocracy
260 _bTaylor and Francis
260 _c2025
365 _a
365 _b230
856 _uhttp://www.taylorfrancis.com/books/9781003493099
942 _cEBOOK
999 _c1729767
_d1729767